00549nam a2200169Ia 4500008004100000020001500041041001200056082001600068100002200084245003400106260002700140300000800167650001200175942000700187999001500194952017000209221030s9999 xx 000 0 und d a8124201730 aEnglish a105.23bPre aP. N. Chitralekha 0aLakshmicby P. N. Chitralekha bCrest PubaDelhic2001 a124 aGeneral cBK c1250d1250 pBE 3760g75.00l0o105.23 Prer2024-06-13 00:00:00w2022-10-30yBK003Print4070aMIETLIBbMIETLIBcBL-Academic Block C, FL-2, CUP-21, SH-4, R-4d2001-04-2110HBE